[Event "DVM U20 2013"]
[Site "Osnabrück GER"]
[Date "2013.12.27"]
[Round "1"]
[White "Böhm, Malte"]
[Black "Zimmermann, Ulrich"]
[Result "0-1"]
[Termination "normal"]
[Board "1.1"]
[WhiteElo "2038"]
[BlackElo "2267"]
[WhiteTeam "SF Dortmund-Brackel 1930"]
[BlackTeam "SK Bebenhausen 1992"]
[WhiteFideId "1270629"]
[BlackFideId "24654523"]
[EventCountry "GER"]
[EventRounds "7"]
[EventType "team-swiss"]
[EventDate "2013.12.26"]

1. e4 e6 2. d4 d5 3. Nd2 c5 4. exd5 Qxd5 5. Ngf3 cxd4 6. Bc4 Qd6 7. O-O Nf6 8.
Nb3 Nc6 9. Nbxd4 Nxd4 10. Nxd4 Bd7 11. c3 Qc7 12. Qe2 a6 13. Bg5 O-O-O 14. b4
h6 15. Bh4 Bd6 16. Bg3 Bxg3 17. fxg3 e5 18. Nf5 Bxf5 19. Rxf5 Rhe8 20. a4 Kb8
21. b5 a5 22. Rc1 Re7 23. Rff1 Red7 24. Rc2 Qc5+ 25. Kh1 e4 26. h3 e3 27. Re1
Rd2 28. Rxd2 exd2 29. Rd1 Re8 0-1

[Event "DVM U20 2013"]
[Site "Osnabrück GER"]
[Date "2013.12.27"]
[Round "1"]
[White "Braun, Georg"]
[Black "Reisberg, Andre"]
[Result "1/2-1/2"]
[Termination "normal"]
[Board "1.2"]
[WhiteElo "2197"]
[BlackElo "1994"]
[WhiteTeam "SK Bebenhausen 1992"]
[BlackTeam "SF Dortmund-Brackel 1930"]
[WhiteFideId "24629383"]
[BlackFideId "1270630"]
[EventCountry "GER"]
[EventRounds "7"]
[EventType "team-swiss"]
[EventDate "2013.12.26"]

1. e4 e6 2. d4 d5 3. Nc3 Nf6 4. Bg5 Bb4 5. e5 h6 6. Bd2 Bxc3 7. bxc3 Ne4 8. Qg4
Kf8 9. Qf4 c5 10. Bd3 Nxd2 11. Qxd2 c4 12. Be2 b5 13. h4 Nc6 14. h5 a5 15. a3
Qe7 16. Nf3 Ra7 17. O-O Ke8 18. g3 Kd8 19. Nh4 Kc7 20. Ng2 Bd7 21. f4 Rb8 22.
Ne3 Kc8 23. Kg2 b4 24. axb4 axb4 25. Rxa7 Nxa7 26. cxb4 Qxb4 27. Qxb4 Rxb4 28.
f5 exf5 29. Nxd5 Rb2 30. Ne3 Nb5 31. Rd1 Nc3 32. Re1 Nb5 33. d5 Nd4 34. Bxc4
Nxc2 35. Ba6+ Kd8 36. Nxc2 Rxc2+ 37. Re2 Rxe2+ 38. Bxe2 Ke7 39. Bc4 Ba4 40. Kf2
Bd1 41. Be2 Bb3 42. Bf3 f6 43. e6 Kd6 44. Ke3 Ba4 45. Kd4 Bb5 46. Kc3 Kc5 47.
Kb3 Be8 48. Kc2 Kd6 49. Kd3 Bb5+ 50. Kd4 Bf1 51. Ke3 Bc4 52. Kd4 Bb5 53. Bd1
Bf1 54. Bf3 Bb5 55. Kc3 Kc5 56. Kd2 Bc4 57. Bg2 Kd6 58. Ke3 Ke5 59. Bf3 Kd6 60.
Kf4 Bd3 61. g4 fxg4 62. Kxg4 Ke5 63. Kg3 Kd6 64. Kf4 g5+ 65. hxg6 Bxg6 66. Be4
Be8 67. Kf5 Ke7 68. Bd3 Bh5 69. Bb5 Bf3 70. d6+ Kxd6 71. Kxf6 Bh5 72. e7 Bg6
73. Ba4 h5 74. Bb3 Be8 75. Bf7 Kd7 76. Bc4 Kd6 77. Bf7 Kd7 78. Bb3 Kd6 79. Bf7
Kd7 1/2-1/2

[Event "DVM U20 2013"]
[Site "Osnabrück GER"]
[Date "2013.12.27"]
[Round "1"]
[White "Schwiddessen, Jan"]
[Black "Gibicar, Danijel"]
[Result "0-1"]
[Termination "normal"]
[Board "1.3"]
[WhiteElo "1877"]
[BlackElo "2145"]
[WhiteTeam "SF Dortmund-Brackel 1930"]
[BlackTeam "SK Bebenhausen 1992"]
[WhiteFideId "1270631"]
[BlackFideId "24660256"]
[EventCountry "GER"]
[EventRounds "7"]
[EventType "team-swiss"]
[EventDate "2013.12.26"]

1. e4 e6 2. d4 d5 3. Nd2 a6 4. Bd3 c5 5. exd5 exd5 6. c3 Nf6 7. h3 Nc6 8. Ne2
c4 9. Bb1 Bd6 10. Nf3 h6 11. O-O Qc7 12. Nh4 Ne7 13. Qc2 g5 14. Nf3 Ne4 15. Ne5
Bxe5 16. dxe5 Qxe5 17. Nd4 Nf5 18. Re1 O-O 19. f3 Qg3 20. Re2 Nxd4 21. cxd4 Nf6
22. Bd2 Bd7 23. Bb4 Rfe8 24. Be7 Kg7 25. Re5 Qf4 26. Qf2 Ng8 27. Bd6 Qc1+ 28.
Kh2 f6 29. Rxd5 c3 30. bxc3 Qxc3 31. Qc2 Qxc2 32. Bxc2 Bc6 33. Rc5 Rad8 34. Bg3
Rxd4 35. Re1 Rxe1 36. Bxe1 Ne7 37. Kg3 Rd5 38. Rc3 Re5 39. Kf2 Nd5 40. Rc5 Re8
41. Bb3 Nf4 42. Bc4 Nxg2 43. Bc3 Nf4 44. h4 Nh3+ 45. Kg3 Re3 46. Bxa6 Rxf3+ 47.
Kh2 g4 48. Bd4 Nf4 49. Bxb7 g3+ 50. Kg1 Ne2+ 0-1

[Event "DVM U20 2013"]
[Site "Osnabrück GER"]
[Date "2013.12.27"]
[Round "1"]
[White "Lebeda, Timo"]
[Black "Gesinghaus, Dustin"]
[Result "1-0"]
[Termination "normal"]
[Board "1.6"]
[WhiteElo "2095"]
[BlackElo "1716"]
[WhiteTeam "SK Bebenhausen 1992"]
[BlackTeam "SF Dortmund-Brackel 1930"]
[WhiteFideId "4638565"]
[BlackFideId "12964271"]
[EventCountry "GER"]
[EventRounds "7"]
[EventType "team-swiss"]
[EventDate "2013.12.26"]

1. c4 e5 2. Nc3 Nc6 3. Nf3 Nf6 4. d4 exd4 5. Nxd4 Bb4 6. Bg5 h6 7. Bh4 Bxc3+ 8.
bxc3 Ne5 9. e3 d6 10. Be2 Ng6 11. Bg3 Ne4 12. Qc2 Qe7 13. O-O O-O 14. Rab1 c6
15. Rfd1 Rd8 16. Rb2 Nxg3 17. hxg3 Ne5 18. Qe4 Qc7 19. Rbd2 a5 20. f4 Ng4 21.
f5 Nf6 22. Qf4 Qe7 23. Bf3 Qe5 24. g4 Qxf4 25. exf4 d5 26. Ne2 Re8 27. cxd5
cxd5 28. Ng3 Rb8 29. g5 hxg5 30. fxg5 Ne4 31. Bxe4 dxe4 32. Rd8 Rf8 33. f6 Be6
34. Rxf8+ Kxf8 35. Nxe4 Bxa2 36. Nc5 Be6 37. Nxb7 a4 38. Nc5 a3 39. Ra1 Ra8 40.
Kf2 Bd5 41. Nd7+ Kg8 42. Nb6 Ra5 43. Nxd5 Rxd5 44. Rxa3 Rxg5 45. fxg7 Kxg7 46.
c4 Kf6 47. g3 Ke6 48. Ra6+ Ke7 49. Kf3 Rc5 50. Ra4 Ke6 51. Ke4 Re5+ 52. Kd4 Kf5
53. Ra3 Re4+ 54. Kd5 Re5+ 55. Kd6 Re6+ 56. Kd5 Re5+ 57. Kc6 Ke4 58. c5 Re6+ 59.
Kb5 1-0

[Event "DVM U20 2013"]
[Site "Osnabrück GER"]
[Date "2013.12.27"]
[Round "1"]
[White "Kugler, Florian"]
[Black "Rau, Nikita"]
[Result "1-0"]
[Termination "normal"]
[Board "2.1"]
[WhiteElo "2202"]
[BlackElo "1941"]
[WhiteTeam "Hamburger SK"]
[BlackTeam "Hagener SV"]
[WhiteFideId "4633300"]
[BlackFideId "12902543"]
[EventCountry "GER"]
[EventRounds "7"]
[EventType "team-swiss"]
[EventDate "2013.12.26"]

1. Nf3 d5 2. g3 Nf6 3. Bg2 c6 4. d4 Bf5 5. O-O e6 6. Nbd2 Be7 7. c4 O-O 8. Qb3
Qb6 9. c5 Qxb3 10. Nxb3 b6 11. Bf4 Nbd7 12. Rfc1 bxc5 13. dxc5 Ne4 14. Nfd4
Rfc8 15. Nxf5 exf5 16. Be3 Rab8 17. Rc2 Rb4 18. Rd1 Ne5 19. f3 Nf6 20. Bd4 Nc4
21. Bf1 Rcb8 22. e3 Nd7 23. Bxc4 Rxc4 24. Rxc4 dxc4 25. Na5 Bxc5 26. Bxc5 Nxc5
27. Nxc6 Re8 28. Ne5 g6 29. Nxc4 Rc8 30. b3 Kf8 31. Kf2 Ke7 32. Ke2 Rc6 33. Rd2
f6 34. Rc2 Na6 35. Na3 Rd6 36. Nb5 Rd7 37. a3 Rb7 38. Nd4 Nb8 39. Rc4 Kd7 40.
Kd3 Rb6 41. Rc5 a6 42. Kc4 Kd6 43. b4 Nd7 44. Rd5+ Kc7 45. f4 Rb8 46. Kd3 Re8
47. a4 Nb6 48. Rc5+ Kb7 49. a5 Nd7 50. Rc6 Re7 51. Rd6 Rf7 52. Kc4 1-0

[Event "DVM U20 2013"]
[Site "Osnabrück GER"]
[Date "2013.12.27"]
[Round "1"]
[White "Beinke, Lukas"]
[Black "Grünter, Martin"]
[Result "0-1"]
[Termination "normal"]
[Board "2.2"]
[WhiteElo "1910"]
[BlackElo "2232"]
[WhiteTeam "Hagener SV"]
[BlackTeam "Hamburger SK"]
[WhiteFideId "12902535"]
[BlackFideId "24640352"]
[EventCountry "GER"]
[EventRounds "7"]
[EventType "team-swiss"]
[EventDate "2013.12.26"]

1. e4 c5 2. c4 Nc6 3. Ne2 g6 4. d4 cxd4 5. Nxd4 Bg7 6. Be3 Nf6 7. Nc3 O-O 8.
Be2 d6 9. O-O Ne5 10. f3 Bd7 11. Nd5 e6 12. Nc3 a6 13. f4 Nc6 14. Nb3 Qc7 15.
Rc1 b6 16. Bf3 Rac8 17. Qd2 Rfd8 18. Qf2 Rb8 19. Nd5 exd5 20. cxd5 Qb7 21. dxc6
Bxc6 22. e5 Ne4 23. Qc2 Rbc8 24. Bxe4 Bxe4 25. Qf2 dxe5 26. Bxb6 Re8 27. fxe5
Bxg2 28. Rxc8 Rxc8 29. Re1 Bd5 30. Na5 Qd7 31. Qd4 Rc2 32. Rd1 Bxe5 33. Qxd5
Qg4+ 34. Kf1 Qe2+ 35. Kg1 Bd4+ 0-1

[Event "DVM U20 2013"]
[Site "Osnabrück GER"]
[Date "2013.12.27"]
[Round "1"]
[White "Kramer, Julian"]
[Black "Rieping, Heiner"]
[Result "1-0"]
[Termination "normal"]
[Board "2.3"]
[WhiteElo "2121"]
[BlackElo "1900"]
[WhiteTeam "Hamburger SK"]
[BlackTeam "Hagener SV"]
[WhiteFideId "12921742"]
[BlackFideId "24647012"]
[EventCountry "GER"]
[EventRounds "7"]
[EventType "team-swiss"]
[EventDate "2013.12.26"]

1. e4 d5 2. exd5 Qxd5 3. Nf3 Nf6 4. d4 Bg4 5. Be2 Nc6 6. O-O e6 7. Be3 Be7 8.
c4 Qd7 9. Nbd2 O-O 10. Kh1 Rad8 11. a3 Bf5 12. b4 Ne4 13. Rc1 Nxd2 14. Qxd2 Bf6
15. Rfd1 Be4 16. Ng5 Bg6 17. d5 exd5 18. cxd5 Ne7 19. Bf3 Be5 20. Bf4 Qd6 21.
Bxe5 Qxe5 22. Qe3 Qxe3 23. fxe3 Rd7 24. Kg1 Rfd8 25. e4 c6 26. Nh3 f5 27. dxc6
Rxd1+ 28. Bxd1 Nxc6 29. Bb3+ Kf8 30. Nf4 Nd4 31. Rd1 Bf7 32. Bd5 Nb5 33. Rf1
Bxd5 34. exd5 Kf7 35. Rf3 g5 36. Ne6 Rxd5 37. Nxg5+ Kg6 38. Ne6 Rd1+ 39. Kf2
Rd2+ 40. Kg3 Nd6 41. Nf4+ Kf6 42. Rd3 Ne4+ 43. Kf3 Ke5 44. Ke3 Ra2 45. Rd5+ Kf6
46. Rd3 Ke5 47. Rd5+ Kf6 48. g4 Rxa3+ 49. Kd4 Nd2 50. Rxf5+ Kg7 51. Ne6+ Kg6
52. Nf4+ Kg7 53. Kd5 Rb3 54. h4 h6 55. Ne6+ Kg8 56. Rf8+ Kh7 57. Rf7+ Kg6 58.
Rg7+ Kf6 59. g5+ hxg5 60. hxg5+ 1-0

[Event "DVM U20 2013"]
[Site "Osnabrück GER"]
[Date "2013.12.27"]
[Round "1"]
[White "Pappert, Florian"]
[Black "Riederer, Martin"]
[Result "0-1"]
[Termination "normal"]
[Board "2.4"]
[WhiteElo "1754"]
[BlackElo "2034"]
[WhiteTeam "Hagener SV"]
[BlackTeam "Hamburger SK"]
[BlackFideId "12903140"]
[EventCountry "GER"]
[EventRounds "7"]
[EventType "team-swiss"]
[EventDate "2013.12.26"]

1. e4 e6 2. d4 d5 3. exd5 exd5 4. Bd3 c5 5. c3 c4 6. Bc2 Bd6 7. Nf3 Ne7 8. O-O
O-O 9. Re1 Bf5 10. Nbd2 Nbc6 11. Nf1 Qc7 12. Ng3 Bxc2 13. Qxc2 Bxg3 14. hxg3
Ng6 15. Be3 Qd7 16. Re2 Rfe8 17. Rae1 b5 18. Qd2 f6 19. a3 Re7 20. Bf4 Rae8 21.
Rxe7 Rxe7 22. Rxe7 Ngxe7 23. Qe2 g5 24. Bc1 Nf5 25. Ne1 Nd6 26. f3 Kg7 27. g4
Nd8 28. Kf2 Ne6 29. g3 Kf7 30. Nc2 a5 31. Ne3 Qb7 32. Qc2 Kg7 33. Bd2 Nd8 34.
Nf5+ Nxf5 35. Qxf5 Nf7 36. Qe6 Nd8 37. Qd6 Nf7 38. Qe6 Nh8 39. Be1 Ng6 40. Bd2
Nf8 41. Qd6 Qd7 42. Qxd7+ Nxd7 43. Kg2 Nb6 44. Bc1 Kf7 45. Kf2 Ke6 46. Kg2 Kd6
47. Kf2 Na4 48. Ke2 Kc6 49. Kd2 b4 50. axb4 axb4 51. Kc2 b3+ 52. Kd2 Kd6 53.
Ke3 Ke6 54. Kf2 Nb6 55. Be3 Nc8 56. Ke2 Nd6 57. Kf2 Kf7 58. Kg2 Kg6 59. Bf2 Nb5
60. Be1 Nd6 61. Kf2 Nf7 62. Ke3 Nh6 63. Ke2 f5 64. gxf5+ Kxf5 65. Bd2 Nf7 66.
g4+ Kg6 67. Kf2 h5 68. gxh5+ Kxh5 69. Kg3 Nd6 70. Be3 Nf5+ 71. Kf2 Kh4 72. Bc1
Nd6 73. Bd2 Nf7 74. Be3 Nd8 75. Bd2 Ne6 76. Be3 Kh3 77. Bd2 Nf4 78. Kf1 Kg3 0-1

[Event "DVM U20 2013"]
[Site "Osnabrück GER"]
[Date "2013.12.27"]
[Round "1"]
[White "Hinrichs, Jan"]
[Black "Balazs, Kata"]
[Result "1-0"]
[Termination "normal"]
[Board "2.5"]
[WhiteElo "2076"]
[BlackElo "1555"]
[WhiteTeam "Hamburger SK"]
[BlackTeam "Hagener SV"]
[WhiteFideId "12907294"]
[BlackFideId "12922773"]
[EventCountry "GER"]
[EventRounds "7"]
[EventType "team-swiss"]
[EventDate "2013.12.26"]

1. d4 Nf6 2. c4 e6 3. Nf3 b6 4. g3 Bb7 5. Bg2 Be7 6. O-O O-O 7. Nc3 d5 8. Ne5
c5 9. cxd5 cxd4 10. Qxd4 Bc5 11. Qd3 Nxd5 12. Nxd5 Bxd5 13. Bxd5 Qxd5 14. Qxd5
exd5 15. Rd1 d4 16. Bf4 Re8 17. Nd3 Rxe2 18. Rac1 Na6 19. Kf1 Ree8 20. Rc4 Rad8
21. Ra4 Nb8 22. Rxa7 Nc6 23. Rc7 Rc8 24. Rd7 Red8 25. Rxd8+ Rxd8 26. Rc1 Nb4
27. Nxc5 bxc5 28. Rxc5 Nd3 29. Rc2 Nxf4 30. gxf4 d3 31. Rd2 Kf8 32. Kg2 Ke7 33.
Kf3 Rd6 34. Ke3 Rh6 35. f3 1-0

[Event "DVM U20 2013"]
[Site "Osnabrück GER"]
[Date "2013.12.27"]
[Round "1"]
[White "Vogel, Jannis"]
[Black "Hinrichs, Lars"]
[Result "0-1"]
[Termination "normal"]
[Board "2.6"]
[WhiteElo "1513"]
[BlackElo "2023"]
[WhiteTeam "Hagener SV"]
[BlackTeam "Hamburger SK"]
[WhiteFideId "4635744"]
[BlackFideId "12921769"]
[EventCountry "GER"]
[EventRounds "7"]
[EventType "team-swiss"]
[EventDate "2013.12.26"]

1. d4 d5 2. Bf4 Nf6 3. Nc3 c6 4. f3 Qb6 5. Na4 Qa5+ 6. c3 Nbd7 7. b4 Qd8 8. h3
Nh5 9. Bh2 e5 10. e3 Qh4+ 11. Kd2 Ng3 12. Qb1 Nxf1+ 13. Qxf1 Bd6 14. Qe1 Qh6
15. Kc2 Qg6+ 16. Kb3 Qxg2 17. Ne2 Qxf3 18. dxe5 Nxe5 19. Nd4 Qe4 20. Qg3 Be6
21. Nxe6 fxe6 22. Qxg7 O-O-O 23. Nc5 Qc4+ 24. Kc2 Nd7 25. Bxd6 Rhg8 26. Qd4
Rg2+ 27. Kc1 Qe2 28. Qd1 Qb2# 0-1

[Event "DVM U20 2013"]
[Site "Osnabrück GER"]
[Date "2013.12.27"]
[Round "1"]
[White "Carmesin, Matthias"]
[Black "Steinacker, Alex"]
[Result "1/2-1/2"]
[Termination "normal"]
[Board "3.2"]
[WhiteElo "2044"]
[BlackElo "2095"]
[WhiteTeam "Stader SV"]
[BlackTeam "Erfurter Schachklub"]
[WhiteFideId "4635965"]
[BlackFideId "24647195"]
[EventCountry "GER"]
[EventRounds "7"]
[EventType "team-swiss"]
[EventDate "2013.12.26"]

1. e4 c5 2. Nf3 Qa5 3. c3 Nc6 4. Be2 Nf6 5. d3 d5 6. Nbd2 e5 7. O-O Be7 8. a3
O-O 9. Qc2 h6 10. Rb1 Qc7 11. b4 b6 12. Bb2 Bd6 13. Rfe1 Be6 14. b5 Ne7 15.
exd5 Bxd5 16. Ne4 Nxe4 17. dxe4 Be6 18. c4 Ng6 19. g3 Be7 20. Nd2 Bg5 21. Nf1
Bh3 22. Qc3 Rfe8 23. f4 Bxf1 24. Rxf1 Bf6 25. Qf3 Rad8 26. f5 Ne7 27. Bc1 Qb7
28. h4 Rd4 29. Be3 Qxe4 30. Bxd4 Qxd4+ 31. Kh1 e4 32. Qg4 Be5 33. Rbd1 Qc3 34.
Rd7 f6 35. Rxa7 Kf8 36. Rd7 Qe3 37. h5 Qxa3 38. Rg1 Qe3 39. Rg2 Ra8 40. Kh2 Ra2
41. Rxe7 Kxe7 42. Qxg7+ Kd8 43. Qf8+ Kc7 44. Qe7+ Kb8 45. Qe8+ Ka7 46. Qd7+ Kb8
47. Qe8+ Ka7 48. Qd7+ Kb8 49. Qe8+ 1/2-1/2

[Event "DVM U20 2013"]
[Site "Osnabrück GER"]
[Date "2013.12.27"]
[Round "1"]
[White "Friedt, Marius"]
[Black "Vogt, Marc Jonas"]
[Result "1-0"]
[Termination "normal"]
[Board "3.3"]
[WhiteElo "1920"]
[BlackElo "1953"]
[WhiteTeam "Erfurter Schachklub"]
[BlackTeam "Stader SV"]
[WhiteFideId "4642830"]
[BlackFideId "24695661"]
[EventCountry "GER"]
[EventRounds "7"]
[EventType "team-swiss"]
[EventDate "2013.12.26"]

1. e4 c5 2. Nf3 Nc6 3. d4 cxd4 4. c3 d5 5. exd5 Qxd5 6. cxd4 e6 7. Nc3 Qd6 8.
Bc4 Nf6 9. O-O Be7 10. d5 Nxd5 11. Nxd5 exd5 12. Qxd5 Qxd5 13. Bxd5 O-O 14. Bg5
Bxg5 15. Nxg5 h6 16. Nf3 Bf5 17. Bxc6 bxc6 18. Rac1 Be4 19. Nd4 Rac8 20. f3 Bd5
21. b3 Rfe8 22. Kf2 Re7 23. Rc5 Rce8 24. Rfc1 Rd7 25. R1c2 Rc8 26. Ke3 Re8+ 27.
Kd3 Re1 28. Kc3 Re3+ 29. Kb2 Be4 30. Rd2 Bd5 31. Nc2 Re6 32. Nb4 Kf8 33. Kc3
Re3+ 34. Kc2 Re6 35. Nxd5 Rxd5 36. Rcxd5 cxd5 37. Rxd5 Ke7 38. Kd2 Rg6 39. g3
Rc6 40. Rb5 Ke6 41. a4 g6 42. Rb7 a5 43. Rb5 Ra6 44. Kc3 Kd6 45. b4 axb4+ 46.
Kxb4 Rc6 47. a5 Ke7 48. Rc5 Rd6 49. Kb5 Rd2 50. a6 Ra2 51. Kb6 Kd6 52. Rb5 Rc2
53. a7 Rc8 54. Kb7 Rc7+ 55. Kb8 1-0

[Event "DVM U20 2013"]
[Site "Osnabrück GER"]
[Date "2013.12.27"]
[Round "1"]
[White "Reichardt, Albert"]
[Black "Bauschmann, Christoph"]
[Result "1-0"]
[Termination "normal"]
[Board "3.5"]
[WhiteElo "1629"]
[BlackElo "1896"]
[WhiteTeam "Erfurter Schachklub"]
[BlackTeam "Stader SV"]
[WhiteFideId "12927821"]
[BlackFideId "24603414"]
[EventCountry "GER"]
[EventRounds "7"]
[EventType "team-swiss"]
[EventDate "2013.12.26"]

1. e4 c5 2. Nf3 Nc6 3. Nc3 g6 4. d4 cxd4 5. Nxd4 Bg7 6. Be3 Nf6 7. Bc4 O-O 8.
f3 Qb6 9. Bb3 Nxe4 10. Nd5 Qa5+ 11. c3 Bxd4 12. Bxd4 Nd6 13. Qd2 Nf5 14. Bf2 e6
15. g4 Nfe7 16. Nxe7+ Nxe7 17. O-O-O Nc6 18. h4 f6 19. f4 f5 20. h5 Qc7 21. Bc5
Rf7 22. hxg6 hxg6 23. Qh2 1-0

[Event "DVM U20 2013"]
[Site "Osnabrück GER"]
[Date "2013.12.27"]
[Round "1"]
[White "Schwarz, Nico"]
[Black "Meichsner, Marwin"]
[Result "1-0"]
[Termination "normal"]
[Board "3.6"]
[WhiteElo "1770"]
[BlackElo "1515"]
[WhiteTeam "Stader SV"]
[BlackTeam "Erfurter Schachklub"]
[WhiteFideId "12910333"]
[BlackFideId "12927830"]
[EventCountry "GER"]
[EventRounds "7"]
[EventType "team-swiss"]
[EventDate "2013.12.26"]

1. e4 c5 2. Nf3 Nc6 3. d4 cxd4 4. Nxd4 g6 5. Nc3 Bg7 6. Nb3 Nf6 7. f4 d6 8. Bd3
O-O 9. O-O b6 10. Bd2 Bb7 11. Qe2 Nb4 12. e5 dxe5 13. fxe5 Ne8 14. Be4 Ba6 15.
Nb5 Nc7 16. Bxb4 Bxb5 17. c4 Ba6 18. Rad1 Qc8 19. Bxa8 Nxa8 20. Rf4 Qc7 21. Re4
Rc8 22. Nd2 Bb7 23. Re3 a5 24. Bc3 Qc6 25. b3 Nc7 26. Nf3 Bh6 27. Red3 Ne6 28.
Bd2 Bg7 29. Be3 Nc5 30. Rd8+ Rxd8 31. Rxd8+ Bf8 32. Qd2 Ne6 33. Nd4 Qe4 34.
Nxe6 fxe6 35. Qf2 1-0

[Event "DVM U20 2013"]
[Site "Osnabrück GER"]
[Date "2013.12.27"]
[Round "1"]
[White "Kremser, Michael"]
[Black "Fritsche, Oliver"]
[Result "1/2-1/2"]
[Termination "normal"]
[Board "4.1"]
[WhiteElo "2001"]
[BlackElo "1850"]
[WhiteTeam "SG Porz"]
[BlackTeam "SK Doppelbauer Kiel"]
[WhiteFideId "1270131"]
[BlackFideId "12913650"]
[EventCountry "GER"]
[EventRounds "7"]
[EventType "team-swiss"]
[EventDate "2013.12.26"]

1. d4 f5 2. c4 Nf6 3. Nc3 d6 4. Nf3 g6 5. g3 Bg7 6. Bg2 O-O 7. O-O Qe8 8. d5 a5
9. Nd4 Na6 10. e4 Nxe4 11. Nxe4 fxe4 12. Bxe4 Bh3 13. Re1 Nc5 14. Bh1 Qf7 15.
Be3 Rae8 16. Qd2 b6 17. Rad1 Bg4 18. Rb1 Kh8 19. b3 e5 20. dxe6 Nxe6 21. Bd5
Qd7 22. Nxe6 Bxe6 23. Bd4 Bxd5 24. cxd5 Bxd4 25. Qxd4+ Kg8 26. Rbc1 Rxe1+ 27.
Rxe1 Re8 28. Qc3 c5 29. dxc6 Rxe1+ 30. Qxe1 Qxc6 31. Qe6+ Kg7 32. Qe7+ Kg8 33.
Qe6+ Kg7 34. Qe7+ Kg8 35. Qe6+ Kg7 36. Qe7+ 1/2-1/2

[Event "DVM U20 2013"]
[Site "Osnabrück GER"]
[Date "2013.12.27"]
[Round "1"]
[White "Beeck, Mats"]
[Black "Pauly, Carlo"]
[Result "0-1"]
[Termination "normal"]
[Board "4.2"]
[WhiteElo "1840"]
[BlackElo "2100"]
[WhiteTeam "SK Doppelbauer Kiel"]
[BlackTeam "SG Porz"]
[WhiteFideId "12936944"]
[BlackFideId "24673269"]
[EventCountry "GER"]
[EventRounds "7"]
[EventType "team-swiss"]
[EventDate "2013.12.26"]

1. e4 c5 2. Nf3 d6 3. d4 cxd4 4. Nxd4 Nf6 5. Nc3 a6 6. Bc4 e6 7. O-O Be7 8. Bb3
O-O 9. f4 Nc6 10. Be3 Qc7 11. Qf3 b5 12. f5 Nxd4 13. Bxd4 b4 14. Ne2 e5 15. Be3
Bb7 16. Ng3 a5 17. Rac1 a4 18. Bd5 Bxd5 19. exd5 Qc4 20. Rfe1 Qxa2 21. Bg5 Qxb2
22. Bxf6 Bxf6 23. Ne4 a3 24. Rb1 Qxc2 25. Rbc1 Qa4 26. Nxf6+ gxf6 27. Qg4+ Kh8
28. Qh4 Rg8 29. Qxf6+ Rg7 30. Re3 Rag8 31. Rg3 Qa8 32. Qxd6 b3 33. Rxb3 Rxg2+
34. Kh1 Qa4 35. Qxe5+ R2g7 36. Rb8 h6 37. Rg1 Qe4+ 0-1

[Event "DVM U20 2013"]
[Site "Osnabrück GER"]
[Date "2013.12.27"]
[Round "1"]
[White "Finke, Kai"]
[Black "Pluska, Alexander"]
[Result "1-0"]
[Termination "normal"]
[Board "4.3"]
[WhiteElo "2100"]
[BlackElo "1873"]
[WhiteTeam "SG Porz"]
[BlackTeam "SK Doppelbauer Kiel"]
[WhiteFideId "1270611"]
[BlackFideId "12975141"]
[EventCountry "GER"]
[EventRounds "7"]
[EventType "team-swiss"]
[EventDate "2013.12.26"]

1. d4 d5 2. c4 e6 3. Nc3 c6 4. Nf3 Nf6 5. Bg5 h6 6. Bxf6 Qxf6 7. e3 g6 8. Be2
Bg7 9. O-O O-O 10. b4 dxc4 11. Bxc4 Nd7 12. Qb3 e5 13. d5 Nb6 14. e4 Bg4 15.
Be2 cxd5 16. Nxd5 Nxd5 17. Qxd5 Qe7 18. Qb3 Kh7 19. Rac1 f5 20. h3 Bh5 21. Qb1
fxe4 22. Qxe4 Rf4 23. Qe3 Raf8 24. a3 e4 25. Nh2 Bxe2 26. Qxe2 h5 27. Qe3 Bh6
28. Qc5 Qxc5 29. Rxc5 R4f7 30. Re5 Rxf2 31. Rxf2 Be3 32. Nf3 Bxf2+ 33. Kxf2
exf3 34. Re7+ Kh6 35. gxf3 b5 36. h4 g5 37. Re6+ Kg7 38. hxg5 Rf5 39. g6 Rf6
40. Re7+ Kxg6 41. Rxa7 Kg5 42. Rb7 Rf5 43. Rc7 Kf6 44. Rc6+ Ke7 45. Rc5 Ke6 46.
Ke3 h4 47. f4 Kf6 48. Ke4 Rxc5 49. bxc5 h3 50. Kf3 Ke6 51. Kg3 Kd5 52. Kxh3
Kxc5 53. Kg4 1-0

[Event "DVM U20 2013"]
[Site "Osnabrück GER"]
[Date "2013.12.27"]
[Round "1"]
[White "Wanner, Lukas"]
[Black "Eigemann, Frederik"]
[Result "0-1"]
[Termination "normal"]
[Board "4.4"]
[WhiteElo "1729"]
[BlackElo "2015"]
[WhiteTeam "SK Doppelbauer Kiel"]
[BlackTeam "SG Porz"]
[WhiteFideId "12918148"]
[BlackFideId "24692034"]
[EventCountry "GER"]
[EventRounds "7"]
[EventType "team-swiss"]
[EventDate "2013.12.26"]

1. d4 Nf6 2. Nf3 c5 3. e3 e6 4. Bd3 b6 5. O-O Bb7 6. Nbd2 Be7 7. b3 O-O 8. Bb2
d6 9. c4 Nbd7 10. Re1 Qc7 11. Rc1 Rac8 12. Nf1 Qb8 13. Ng3 Qa8 14. Bb1 Rfe8 15.
Qe2 Bf8 16. e4 cxd4 17. Bxd4 g6 18. Rcd1 Red8 19. h4 h5 20. Ng5 e5 21. Bb2 a6
22. f3 Bc6 23. Nf1 b5 24. Ne3 bxc4 25. Nxc4 Bb5 26. Bd3 Qa7+ 27. Qf2 Qxf2+ 28.
Kxf2 Nc5 29. Bf1 Ne8 30. Nb6 Rc6 31. Nd5 f6 32. Nh3 Nxe4+ 33. fxe4 Rc2+ 34. Kg1
Rxb2 35. Bxb5 axb5 36. Rf1 Kg7 37. Rf2 Rxf2 38. Nxf2 Rc8 39. Nd3 f5 40. exf5
gxf5 41. Rc1 Rxc1+ 42. Nxc1 Kf7 43. Nd3 Be7 44. g3 Bd8 45. Kf2 Ke6 46. N3b4 Ba5
47. a4 bxa4 48. bxa4 Nc7 49. Nxc7+ Bxc7 50. Ke2 d5 51. Nc2 Bb6 52. Ne1 e4 53.
Ng2 Bc7 54. Kf2 d4 55. a5 Kd5 56. a6 Kc6 0-1

[Event "DVM U20 2013"]
[Site "Osnabrück GER"]
[Date "2013.12.27"]
[Round "1"]
[White "Eigemann, Julian"]
[Black "Rieper, Julian"]
[Result "1-0"]
[Termination "normal"]
[Board "4.5"]
[WhiteElo "1916"]
[BlackElo "1674"]
[WhiteTeam "SG Porz"]
[BlackTeam "SK Doppelbauer Kiel"]
[WhiteFideId "24666599"]
[BlackFideId "12936960"]
[EventCountry "GER"]
[EventRounds "7"]
[EventType "team-swiss"]
[EventDate "2013.12.26"]

1. e4 e5 2. f4 exf4 3. Bc4 Nf6 4. Nc3 c6 5. Qe2 d6 6. Nf3 Be6 7. d4 Bxc4 8.
Qxc4 Qe7 9. e5 d5 10. Qd3 Nh5 11. Qf5 f6 12. Qxh5+ g6 13. Qg4 g5 14. O-O h5 15.
Qc8+ Kf7 16. exf6 Kxf6 17. Nxg5 Rh6 18. Rxf4+ Kg6 19. Qxf8 1-0

[Event "DVM U20 2013"]
[Site "Osnabrück GER"]
[Date "2013.12.27"]
[Round "1"]
[White "Petersen, Finn Christopher"]
[Black "Spindler, Florian"]
[Result "0-1"]
[Termination "normal"]
[Board "4.6"]
[WhiteElo "1612"]
[BlackElo "1610"]
[WhiteTeam "SK Doppelbauer Kiel"]
[BlackTeam "SG Porz"]
[WhiteFideId "12964840"]
[BlackFideId "12964387"]
[EventCountry "GER"]
[EventRounds "7"]
[EventType "team-swiss"]
[EventDate "2013.12.26"]

1. e4 c5 2. Nc3 e6 3. f4 Nc6 4. Nf3 d5 5. g3 Nf6 6. e5 Nd7 7. Bg2 a6 8. Qe2 b5
9. O-O Bb7 10. b3 Be7 11. Bb2 Qb6 12. Kh1 O-O-O 13. Nd1 h6 14. Nf2 g5 15. Rg1
Rdg8 16. Rad1 h5 17. fxg5 Bxg5 18. d4 cxd4 19. Bxd4 Nxd4 20. Rxd4 Be7 21. Rf1
Bc5 22. Rd2 Nf8 23. Nd3 Be3 24. Rdd1 Ng6 25. Rde1 Bh6 26. Nd2 Qc7 27. Rf2 h4
28. g4 h3 29. Bf3 Nh4 30. Kg1 Nxf3+ 31. Qxf3 Qb6 32. Kf1 d4 33. Ne4 Be3 34.
Rfe2 Rg7 35. Ndf2 Rhg8 36. Qxh3 Bxe4 37. Nxe4 Rxg4 38. Ng3 Qc5 39. Qg2 Kc7 40.
Rd1 Qxe5 41. Rxe3 Qxe3 42. Rd2 Rf4+ 43. Rf2 Qc1+ 44. Ke2 Qxc2+ 0-1